[Event "Baku op"]
[Site "Baku"]
[Date "2014.09.29"]
[Round "8"]
[White "Naghdiyev, Niyazi Siyavush"]
[Black "Asgarov, Mushfig Nizami"]
[Result "1-0"]
[WhiteElo "2024"]
[BlackElo "2260"]
[PlyCount "117"]
[EventDate "2014.09.22"]
[EventType "swiss"]
[EventRounds "9"]
[EventCountry "AZE"]
[SourceTitle "CBM 162 Extra"]
[Source "ChessBase"]
[SourceDate "2014.10.17"]
[SourceVersion "1"]
[SourceVersionDate "2014.10.17"]
[SourceQuality "1"]

1. d4 Nf6 2. c4 g6 3. g3 Bg7 4. Bg2 0-0 5. Nf3 d6 6. 0-0 Nc6 7. Nc3 a6 8. h3 Rb8 9. a4 Bd7 10. Be3 Re8 11. g4 e5 12. d5 Ne7 13. Nd2 h5 14. f3 Nh7 15. Ba7 Ra8 16. Bf2 f5 17. gxh5 gxh5 18. Kh2 Ng6 19. Rg1 Kf7 20. Bf1 Bf6 21. e3 Bh4 22. Bxh4 Qxh4 23. Qe1 Rg8 24. Qxh4 Nxh4 25. Be2 f4 26. exf4 exf4 27. Nde4 b6 28. b4 Bf5 29. c5 bxc5 30. bxc5 Ke7 31. cxd6+ cxd6 32. Rab1 Rxg1 33. Rb7+ Bd7 34. Kxg1 Rg8+ 35. Kf1 Ra8 36. a5 Nf5 37. Kf2 Nf8 38. Na4 Rc8 39. Bd3 Rc1 40. Nb6 Ra1 41. Nxd7 Nxd7 42. Nc5 Ra2+ 43. Ke1 Nh4 44. Rxd7+ Kf6 45. Rxd6+ Ke5 46. Rxa6 Nxf3+ 47. Kd1 Kd4 48. Nb3+ Kxd5 49. Rh6 Ne5 50. Rxh5 f3 51. Rf5 Kd6 52. Bc2 Ra4 53. a6 Kd5 54. Rf6 Rh4 55. Nd2 Rxh3 56. Be4+ Kd4 57. a7 Kc3 58. Bxf3 Rh2 59. Nb1+ 1-0

[Event "Baku op"]
[Site "Baku"]
[Date "2014.09.25"]
[Round "4"]
[White "Naghdiyev, Niyazi Siyavush"]
[Black "Salem, AR Saleh"]
[Result "0-1"]
[WhiteElo "2024"]
[BlackElo "2594"]
[PlyCount "120"]
[EventDate "2014.09.22"]
[EventType "swiss"]
[EventRounds "9"]
[EventCountry "AZE"]
[SourceTitle "CBM 162 Extra"]
[Source "ChessBase"]
[SourceDate "2014.10.17"]
[SourceVersion "1"]
[SourceVersionDate "2014.10.17"]
[SourceQuality "1"]

1. d4 Nf6 2. c4 g6 3. g3 Bg7 4. Bg2 0-0 5. Nf3 d6 6. 0-0 Nbd7 7. Nc3 e5 8. e4 exd4 9. Nxd4 Re8 10. h3 Nc5 11. Re1 Bd7 12. b3 Qc8 13. Kh2 h5 14. f3 a5 15. Be3 c6 16. Rc1 Qc7 17. Qd2 Rad8 18. Red1 Bc8 19. Nde2 Qe7 20. Bf4 Bf8 21. Nd4 Nh7 22. h4 Bg7 23. Nce2 Qc7 24. b4 axb4 25. Qxb4 Qe7 26. Nb3 Na6 27. Bxd6 Nxb4 28. Bxe7 Rxd1 29. Rxd1 Nxa2 30. Bc5 Nf8 31. Rd2 Nc3 32. Nxc3 Bxc3 33. Rd3 Bg7 34. Bh3 f5 35. Re3 Rd8 36. e5 Be6 37. Na5 Rd2+ 38. Bg2 Rb2 39. Bd6 Nd7 40. f4 Nb6 41. Kh3 Nxc4 42. Nxc4 Bxc4 43. Rc3 Be6 44. Rc1 Bf8 45. Ra1 Bxd6 46. exd6 Kf7 47. Ra8 Bd7 48. Rd8 Ke6 49. Rg8 Kxd6 50. Rxg6+ Be6 51. Bf1 b5 52. Bd3 Ke7 53. Rg5 Rd2 54. Bb1 Bc4 55. g4 hxg4+ 56. Kg3 Bd3 57. Bxd3 Rxd3+ 58. Kg2 Ke6 59. Rg8 Rh3 60. Rc8 Kd6 0-1

[Event "Baku op"]
[Site "Baku"]
[Date "2014.09.23"]
[Round "2"]
[White "Naghdiyev, Niyazi Siyavush"]
[Black "Malakhatko, Vadim"]
[Result "1/2-1/2"]
[WhiteElo "2024"]
[BlackElo "2542"]
[PlyCount "58"]
[EventDate "2014.09.22"]
[EventType "swiss"]
[EventRounds "9"]
[EventCountry "AZE"]
[SourceTitle "CBM 162 Extra"]
[Source "ChessBase"]
[SourceDate "2014.10.17"]
[SourceVersion "1"]
[SourceVersionDate "2014.10.17"]
[SourceQuality "1"]

1. d4 e6 2. c4 Bb4+ 3. Bd2 a5 4. a3 Bxd2+ 5. Qxd2 d6 6. Nc3 Nf6 7. e4 e5 8. Nf3 exd4 9. Nxd4 0-0 10. Be2 Nbd7 11. 0-0 Nc5 12. f3 a4 13. Rad1 Re8 14. Kh1 Bd7 15. Rfe1 c6 16. Nc2 Re6 17. Qg5 h6 18. Qe3 Qc7 19. Nb4 Bc8 20. Nd3 Nxd3 21. Rxd3 Nd7 22. Red1 Nc5 23. R3d2 Nb3 24. Rd3 Nc5 25. R3d2 Bd7 26. Qf4 Rf6 27. Qg3 Rg6 28. Qf4 Rf6 29. Qg3 Rg6 1/2-1/2

[Event "Moscow Dvorkovich Cup U16 9th"]
[Site "Moscow"]
[Date "2014.06.29"]
[Round "2.3"]
[White "Naghdiyev, Niyazi Siyavush"]
[Black "Krishna Teja, N."]
[Result "1-0"]
[WhiteElo "1995"]
[BlackElo "2211"]
[PlyCount "63"]
[EventDate "2014.06.28"]
[EventType "team-tourn"]
[EventRounds "7"]
[EventCountry "RUS"]
[SourceTitle "CBM 161 Extra"]
[Source "ChessBase"]
[SourceDate "2014.08.29"]
[SourceVersion "1"]
[SourceVersionDate "2014.08.29"]
[SourceQuality "1"]
[WhiteTeam "Azerbaijan U16"]
[BlackTeam "India U16"]
[WhiteTeamCountry "AZE"]
[BlackTeamCountry "IND"]

1. d4 Nf6 2. c4 e6 3. Nf3 b6 4. g3 Bb7 5. Bg2 c5 6. 0-0 cxd4 7. Nxd4 Bxg2 8. Kxg2 Qc7 9. b3 h5 10. h4 a6 11. Qd3 Nc6 12. Nxc6 Qxc6+ 13. Qf3 Qxf3+ 14. Kxf3 b5 15. cxb5 axb5 16. Nc3 b4 17. Na4 d5 18. Bb2 Nd7 19. Rac1 e5 20. Rfd1 Ra5 21. Rc8+ Ke7 22. a3 Rb5 23. axb4 d4 24. e3 Rh6 25. exd4 Rd6 26. Re1 Rxb4 27. Re3 e4+ 28. Rxe4+ Kf6 29. d5+ Kg6 30. Rxb4 Rxd5 31. Rd4 Rf5+ 32. Kg2 1-0